00366nam a2200121Ia 4500001000800000005001700008008004100025020001800066245002700084260002400111999002100135952008800156125963620260417140315.0260417s9999 xx 000 0 und d a9789752894662 0aEl KızıcOrhan Kemal bEverest Yayınları c1259636d1259636 00104070a1112b1112d2026-04-17l0p1112564r2026-04-17 14:03:15w2026-04-17yBK